00831nam a2200253Ia 4500008004000000020001800040041000800058082001300066100001500079245007500094260003900169300000800208650001100216650001500227650001300242650001300255650000700268650001800275650000800293690002800301906001100329999001900340952021800359210210b2013 xxu||||| |||| 00| 0 eng d a9789327233636 aeng a327 GHAI aGHAI (K K) aInternational relations: theory and practice of international politics aLudhianabKalyani Publishersc2013 a516 atheory arelations: apractice apolitics aof aInternational aand aInternational Relations a068206 c152462d152462 001040708Political ScienceaALbALcInternational Relationsd2021-02-17eSapna Book House Pvt Ltd, K S Rao Road, Mangalore-575001g275.00l9m1o327 GHAIp068206r2026-03-26 16:17:53s2026-01-08w2021-02-17yBK